[Event "FRA-chT"]
[Site "France"]
[Date "2002.05.01"]
[Round "8.4"]
[White "Lepelletier, Benoit"]
[Black "Van den Doel, Erik"]
[Result "0-1"]
[WhiteElo "2444"]
[BlackElo "2585"]
[PlyCount "86"]
[EventDate "2002.02.01"]
[Source "ChessBase"]
[SourceDate "2002.07.08"]

1. e4 c5 2. Ne2 d6 3. g3 Nc6 4. Bg2 g6 5. O-O Bg7 6. c3 e5 7. Na3 Nge7 8. d4 exd4 9. cxd4 Nxd4 10. Nxd4 cxd4 11. Bf4 Nc6 12. Nc4 O-O 13. Bxd6 Re8 14. Rc1 Be6 15. e5 Nxe5 16. Bxe5 Bxc4 17. Rxc4 Bxe5 18. Bxb7 Rb8 19. Bc6 Re6 20. b3 d3 21. Re1 Rb6 22. Be4 Rbd6 23. Qd2 Bd4 24. Bxd3 Bxf2+ 25. Qxf2 Rxe1+ 26. Qxe1 Rxd3 27. Re4 Kg7 28. Qf2 h5 29. Re3 Rd4 30. Qf3 h4 31. Kg2 Qd7 32. Re2 h3+ 33. Kf1 Rd1+ 34. Re1 Rd5 35. Kg1 Rd2 36. Rf1 f5 37. Kh1 Qd4 38. g4 Qxg4 39. Qc3+ Rd4 40. Qg3 Qe4+ 41. Kg1 Qd5 42. Qf3 Rg4+ 43. Kh1 Rf4 0-1

[Event "Rector Cup 3rd"]
[Site "Kharkov"]
[Date "2001.04.24"]
[Round "9"]
[White "Zubarev, Alexander1"]
[Black "Moiseenko, Alexander"]
[Result "0-1"]
[WhiteElo "2460"]
[BlackElo "2561"]
[PlyCount "112"]
[EventDate "2001.04.18"]
[Source "ChessBase"]
[SourceDate "2001.07.05"]

1. e4 c5 2. Ne2 e6 3. d4 d5 4. exd5 exd5 5. Nbc3 Nc6 6. Be3 c4 7. Nf4 Bb4 8. Be2 Nge7 9. O-O O-O 10. Bf3 Bxc3 11. bxc3 Bf5 12. Rb1 Qd7 13. Re1 b6 14. Bc1 Rfe8 15. Ba3 h6 16. h3 Rad8 17. Qd2 Ng6 18. Nxg6 Bxg6 19. Kf1 Be4 20. Bg4 Qb7 21. Bc1 Qc7 22. a3 Qd6 23. Bb2 Qg6 24. Rbc1 h5 25. Bd1 Qe6 26. g4 Bg2+ 27. Kxg2 Qxe1 28. Qg5 hxg4 29. hxg4 Qe7 30. Qh5 g6 31. Qh6 Qf8 32. Qg5 Kg7 33. Bf3 Qe7 34. Qd2 Qd6 35. Rg1 Rh8 36. Bc1 f6 37. Kf1 g5 38. Qd1 Ne7 39. Be3 Ng6 40. Qc1 Nf4 41. Bxf4 Qxf4 42. Qxf4 gxf4 43. Kg2 Rd7 44. Rb1 Kf7 45. a4 Ke6 46. Rb5 Rb8 47. Rb1 Rg7 48. Kf1 a6 49. Ke2 Kd6 50. Kf1 Kc6 51. Rb4 b5 52. a5 Re8 53. Rb1 Rg5 54. Rd1 f5 55. gxf5 Rxf5 56. Rb1 Rg5 0-1

[Event "FIDE Wch qual"]
[Site "Internet"]
[Date "2001.??.??"]
[Round "7"]
[White "Filipenko, Alexander V"]
[Black "Fressinet, Laurent"]
[Result "1/2-1/2"]
[WhiteElo "2410"]
[BlackElo "2606"]
[PlyCount "145"]
[EventDate "2001.10.??"]
[Source "ChessBase"]
[SourceDate "2002.01.21"]

1. e4 c5 2. Ne2 d6 3. g3 g6 4. Bg2 Bg7 5. c3 Nf6 6. d4 O-O 7. O-O Nc6 8. h3 Qb6 9. Na3 cxd4 10. Nxd4 Bd7 11. Nc4 Qa6 12. Ne3 Nxd4 13. Qxd4 Rac8 14. Qb4 Rc5 15. Nd5 Nxd5 16. exd5 Rc4 17. Qb3 b5 18. Re1 e5 19. dxe6 Bxe6 20. Qc2 Rfc8 21. Qd3 b4 22. cxb4 Bd4 23. Bf1 Qb6 24. Be3 Bxe3 25. Qxe3 Qxe3 26. Rxe3 Rxb4 27. Re2 Rbc4 28. Rd1 Rc1 29. Red2 Rxd1 30. Rxd1 Rc2 31. b4 Rxa2 32. Rxd6 Ra1 33. Kg2 Bxh3+ 34. Kxh3 Rxf1 35. Kg2 Ra1 36. b5 Kg7 37. b6 axb6 38. Rxb6 Ra2 39. g4 Ra5 40. Kg3 h6 41. Rc6 Rb5 42. Ra6 Rd5 43. Rc6 h5 44. f3 Ra5 45. Rb6 f6 46. Rc6 hxg4 47. fxg4 Ra3+ 48. Kf2 g5 49. Kg2 Kf7 50. Rb6 Ke7 51. Kf2 Rd3 52. Ra6 Rd6 53. Ra1 Ke6 54. Re1+ Kd7 55. Kf3 Rd4 56. Ra1 Kd6 57. Ra3 Rf4+ 58. Kg3 Rc4 59. Kf3 Kd5 60. Ra6 Rc3+ 61. Kf2 Rc6 62. Rxc6 Kxc6 63. Ke3 Kd5 64. Kd3 Ke6 65. Ke4 Ke7 66. Ke3 Ke8 67. Ke4 Kf8 68. Kd4 Kf7 69. Ke3 Kg6 70. Ke4 f5+ 71. gxf5+ Kf6 72. Kf3 Kxf5 73. Kg3 1/2-1/2

[Event "Forli Open"]
[Site "Forli"]
[Date "1993.??.??"]
[Round "6"]
[White "Loncar, Robert"]
[Black "Cvitan, Ognjen"]
[Result "1/2-1/2"]
[WhiteElo "2440"]
[BlackElo "2575"]
[PlyCount "39"]
[EventDate "1993.10.??"]
[Source "www.chesslib.no"]
[SourceDate "2004.05.04"]

1. e4 c5 2. Ne2 d6 3. Nbc3 Nf6 4. g3 e6 5. Bg2 Be7 6. O-O a6 7. h3 O-O 8. d3 Nc6 9. Be3 Rb8 10. f4 d5 11. exd5 exd5 12. d4 cxd4 13. Nxd4 Re8 14. Bf2 Bb4 15. Qd3 h5 16. a3 Bxc3 17. Qxc3 Ne4 18. Qd3 Nxd4 19. Qxd4 Bf5 20. Rad1 1/2-1/2

[Event "Berliner Sommer"]
[Site "Berlin GER"]
[Date "1990.??.??"]
[Round "?"]
[White "Balashov, Yuri S"]
[Black "Gutman, Lev"]
[Result "1/2-1/2"]
[WhiteElo "2535"]
[BlackElo "2475"]
[PlyCount "94"]
[EventDate "1990.08.??"]
[Source "www.chesslib.no"]
[SourceDate "2004.05.04"]

1. e4 c5 2. Ne2 d6 3. g3 Bg4 4. Bg2 Nc6 5. h3 Bxe2 6. Qxe2 g6 7. O-O Bg7 8. d3 Nf6 9. Nd2 O-O 10. f4 Rc8 11. Kh2 Nd7 12. a4 a6 13. c3 b5 14. axb5 axb5 15. Nf3 Qb6 16. Be3 b4 17. c4 Ra8 18. h4 Ra7 19. Bh3 Rfa8 20. Rab1 e6 21. h5 Re8 22. hxg6 hxg6 23. g4 Ra2 24. f5 d5 25. fxg6 fxg6 26. cxd5 exd5 27. g5 Nce5 28. Bf4 c4 29. Nxe5 Nxe5 30. exd5 cxd3 31. Qg2 Qd6 32. Kh1 Ra5 33. Be6+ Rxe6 34. dxe6 Qxe6 35. Rbc1 Bf8 36. Bxe5 Rxe5 37. Rxf8+ Kxf8 38. Qa8+ Qe8 39. Rc8 Re1+ 40. Kg2 Re2+ 41. Kf3 Re3+ 42. Kf4 Re4+ 43. Kg3 Re3+ 44. Kh4 Re4+ 45. Qxe4 Qxc8 46. Qxb4+ Kf7 47. Qb3+ Ke7 1/2-1/2

[Event "Lyon zt"]
[Site "Lyon"]
[Date "1990.??.??"]
[Round "10"]
[White "Kuijf, Marinus"]
[Black "Renet, Olivier"]
[Result "0-1"]
[WhiteElo "2490"]
[BlackElo "2520"]
[PlyCount "54"]
[EventDate "1990.04.??"]
[Source "ChessBase"]

1. e4 c5 2. Ne2 e6 3. d4 d5 4. exd5 exd5 5. Nbc3 Nc6 6. dxc5 d4 7. Ne4 Nf6 8. Bg5 Be7 9. Bxf6 Bxf6 10. Nd6+ Kf8 11. Qd2 b6 12. Ng3 bxc5 13. Nge4 Qe7 14. Bb5 Bd7 15. O-O Be5 16. Nc4 Bxh2+ 17. Kxh2 Qxe4 18. Qg5 f5 19. Rfe1 Qd5 20. f3 h6 21. Qg6 Re8 22. Nd6 Re3 23. Rxe3 dxe3 24. Bxc6 Bxc6 25. Rd1 Qe5+ 26. Kg1 Be8 27. Nxe8 e2 0-1

[Event "Brussels zt"]
[Site "Brussels"]
[Date "1993.??.??"]
[Round "11"]
[White "Reinderman, Dimitri"]
[Black "Dorfman, Josif D"]
[Result "0-1"]
[WhiteElo "2415"]
[BlackElo "2580"]
[PlyCount "86"]
[EventDate "1993.04.??"]
[Source "ChessBase"]

1. e4 c5 2. Ne2 Nf6 3. Nbc3 d5 4. exd5 Nxd5 5. Nxd5 Qxd5 6. d4 Nc6 7. Be3 cxd4 8. Nxd4 Bd7 9. Nb5 Qe5 10. Qd2 Rd8 11. f4 Qb8 12. Qf2 a6 13. Nc3 Bf5 14. h3 h5 15. g3 g6 16. Bg2 Bg7 17. O-O O-O 18. Kh2 Qc8 19. Na4 Nd4 20. Rac1 b5 21. c3 Nf3+ 22. Qxf3 bxa4 23. Bd4 Bxd4 24. cxd4 Qb8 25. Qc3 Be6 26. Rfe1 Rd6 27. Re5 Rc8 28. Rc5 Rcd8 29. Rd1 Bxa2 30. Rd2 e6 31. Ra5 Bb3 32. Bc6 h4 33. Bxa4 hxg3+ 34. Kxg3 Bxa4 35. Rxa4 Rd5 36. h4 Rf5 37. Rf2 Rb5 38. Kh2 Rc8 39. Qd2 Qd6 40. Qd3 Rc1 41. Qe4 Rh5 42. Kh3 Qd8 43. Rg2 Qxh4# 0-1

[Event "Chigorin Mem Open, St Petersburg RUS"]
[Site "?"]
[Date "2001.??.??"]
[Round "7"]
[White "Kupreichik, V."]
[Black "Vaulin, A."]
[Result "0-1"]
[WhiteElo "2450"]
[BlackElo "2545"]
[PlyCount "73"]
[EventDate "2001.??.??"]
[Source "www.chesslib.no"]
[SourceDate "2004.05.04"]

1. e4 c5 2. Ne2 Nf6 3. Nbc3 d5 4. exd5 Nxd5 5. Nxd5 Qxd5 6. d4 e5 7. Nc3 Qxd4 8. Be3 Qxd1+ 9. Rxd1 Be6 10. Ne4 Nd7 11. Ng5 Bf5 12. Bb5 f6 13. Ne4 Bxe4 14. Bxd7+ Kf7 15. f3 Bxc2 16. Rd2 Bg6 17. Ba4 Rb8 18. Bb3+ Ke8 19. Kf2 Bf7 20. Bxf7+ Kxf7 21. Rd7+ Ke6 22. Rc7 Be7 23. Rd1 Rhc8 24. Rdd7 Rxc7 25. Rxc7 h5 26. a4 g5 27. Ke2 Bd6 28. Rh7 h4 29. Kd3 a6 30. b3 Be7 31. g3 hxg3 32. hxg3 Rd8+ 33. Kc4 b5+ 34. axb5 axb5+ 35. Kxb5 Rd3 36. Bxc5 Bxc5 37. Kxc5 0-1

[Event "Sevilla Open"]
[Site "Seville ESP"]
[Date "1994.??.??"]
[Round "8"]
[White "Spangenberg, Hugo H"]
[Black "Hernandez, Gilberto"]
[Result "0-1"]
[WhiteElo "2510"]
[BlackElo "2485"]
[PlyCount "108"]
[EventDate "1994.01.??"]
[Source "www.chesslib.no"]
[SourceDate "2004.05.04"]

1. e4 c5 2. Ne2 Nc6 3. c4 e5 4. Nbc3 d6 5. d3 Be7 6. a3 Bg5 7. Bxg5 Qxg5 8. Nd5 Qd8 9. b4 b6 10. Nec3 Nf6 11. g3 Nxd5 12. Nxd5 O-O 13. Bg2 Be6 14. Ne3 cxb4 15. Qa4 Nd4 16. Qxb4 a5 17. Qb2 b5 18. cxb5 a4 19. O-O Rb8 20. Qb4 Bb3 21. Qd2 Rxb5 22. Nf5 Rc5 23. Nxd4 exd4 24. Rac1 Qc7 25. Rxc5 Qxc5 26. Qb2 Rc8 27. Bh3 Qc3 28. Qe2 Re8 29. Rb1 h6 30. Bf1 Rc8 31. Bh3 Qc2 32. Qe1 Rc5 33. Bf1 Qa2 34. Ra1 Qb2 35. Qb1 Qxb1 36. Rxb1 Rc2 37. Ra1 g5 38. Bh3 Kf8 39. Bd7 Ke7 40. Bb5 g4 41. Kf1 h5 42. Ke1 Kf6 43. Bd7 Ke7 44. Bb5 Kd8 45. Ba6 Kc7 46. Bb5 Rc5 47. Bc4 Bxc4 48. dxc4 Rxc4 49. Rb1 Rc3 50. Rb4 Rxa3 51. Rxd4 Ra2 52. Rd5 a3 53. Ra5 Kb6 54. Ra8 Kc5 0-1

[Event "YUG Cup"]
[Site "?"]
[Date "1999.??.??"]
[Round "?"]
[White "Todorovic Jovan"]
[Black "Sveshnikov Evgeny"]
[Result "1-0"]
[WhiteElo "2427"]
[BlackElo "2563"]
[PlyCount "103"]
[EventDate "1999.??.??"]
[Source "www.chesslib.no"]
[SourceDate "2004.05.04"]

1. e4 c5 2. Ne2 Nf6 3. Nbc3 e5 4. g3 d5 5. exd5 Nxd5 6. Bg2 Be6 7. O-O Nc6 8. d3 Be7 9. f4 exf4 10. Nxf4 Nxf4 11. Bxf4 Qd4+ 12. Kh1 h5 13. Nb5 Qd8 14. Nc7+ Kd7 15. Nxa8 g5 16. Be3 Kc8 17. c3 h4 18. gxh4 Rxh4 19. Bf2 Rh6 20. Bg3 Bd6 21. Qf3 Kb8 22. Rae1 Bxg3 23. Qxg3+ Kxa8 24. a3 a6 25. b4 f5 26. Rxe6 Rxe6 27. Rxf5 Qe7 28. Be4 c4 29. Rxg5 cxd3 30. Rg8+ Nd8 31. Qxd3 Rd6 32. Bd5 Qe1+ 33. Kg2 Kb8 34. c4 Qe7 35. Qe4 Qf6 36. Qf3 Qb2+ 37. Kh1 Rf6 38. Qg3+ Kc8 39. Qg4+ Kc7 40. Qg3+ Kc8 41. Qg4+ Kc7 42. Qg7+ Nf7 43. Qg1 Nd6 44. Qc5+ Kd7 45. Rg7+ Nf7 46. Rxf7+ Rxf7 47. Bxf7 Qb1+ 48. Kg2 Qe4+ 49. Kg3 Qd3+ 50. Kf4 Qd2+ 51. Kf5 Qc2+ 52. Kf6 1-0

[Event "XXIV Open"]
[Site "Cappelle La Grande FRA"]
[Date "2008.02.18"]
[Round "3"]
[White "Olszewski, Mi"]
[Black "Savchenko, S."]
[Result "0-1"]
[WhiteElo "2430"]
[BlackElo "2558"]
[PlyCount "44"]
[EventDate "2008.02.16"]
[Source "www.chesslib.no"]
[SourceDate "2004.05.04"]

1. e4 c5 2. Ne2 d6 3. g3 Nc6 4. Bg2 g6 5. c3 Bg7 6. d4 cxd4 7. cxd4 e5 8. Be3 Nf6 9. h3 d5 10. dxe5 Nxe4 11. f3 d4 12. Bg1 d3 13. f4 Qa5+ 14. Nec3 Nxg3 15. Bxc6+ bxc6 16. Qf3 Rb8 17. Qxg3 Rxb2 18. Qxd3 O-O 19. Qd4 Rd8 20. Qc5 Qa6 21. Qa3 Rd1+ 22. Kxd1 Qf1# 0-1

[Event "Camp. asiatico 2007"]
[Site "Cebu FIL"]
[Date "2007.09.21"]
[Round "3.20"]
[White "Torre, Eugenio"]
[Black "Arun, Prasad"]
[Result "1/2-1/2"]
[WhiteElo "2536"]
[BlackElo "2448"]
[PlyCount "122"]
[EventDate "2007.09.19"]
[Source "www.chesslib.no"]
[SourceDate "2004.05.04"]

1. e4 c5 2. Ne2 d6 3. g3 Nc6 4. Bg2 g6 5. c3 Bg7 6. d4 cxd4 7. cxd4 e5 8. dxe5 Nxe5 9. Nbc3 Ne7 10. f4 N5c6 11. Be3 O-O 12. O-O f5 13. Qb3+ Kh8 14. Rad1 fxe4 15. Bxe4 Bh3 16. Rfe1 Nf5 17. Bf2 Qd7 18. Nb5 Rad8 19. Bf3 a6 20. Nbc3 b5 21. Qd5 Nfe7 22. Qd2 Bg4 23. Bxg4 Qxg4 24. Nd4 Nxd4 25. Bxd4 Nf5 26. Bxg7+ Kxg7 27. Qe2 Qxe2 28. Rxe2 Rfe8 29. Rxe8 Rxe8 30. Kf2 h5 31. h3 Re6 32. Nd5 Re4 33. g4 hxg4 34. hxg4 Nh6 35. Kf3 Rc4 36. Ne3 Rc6 37. Rd2 Nf7 38. Rc2 Rxc2 39. Nxc2 g5 40. Nb4 gxf4 41. Nxa6 Ne5+ 42. Kxf4 Nd3+ 43. Kf5 Nxb2 44. Nc7 b4 45. Nd5 Nd3 46. g5 Kf7 47. g6+ Kg7 48. Nc7 Nc5 49. Ne8+ Kg8 50. Kg5 Ne4+ 51. Kh6 d5 52. Nc7 Nc3 53. Ne6 Nxa2 54. Nd4 b3 55. Nxb3 Nc3 56. Nd4 Ne4 57. Nf5 Nf6 58. Ne7+ Kf8 59. Nc6 Kg8 60. g7 Kf7 61. Ne5+ Kg8 1/2-1/2

[Event "TCh-RUS Siberian Zone, Omsk RUS"]
[Site "?"]
[Date "2001.??.??"]
[Round "2"]
[White "Balashov, Y."]
[Black "Purtov, A."]
[Result "1/2-1/2"]
[WhiteElo "2555"]
[BlackElo "2425"]
[PlyCount "131"]
[EventDate "2001.??.??"]
[Source "www.chesslib.no"]
[SourceDate "2004.05.04"]

1. e4 c5 2. Ne2 d6 3. g3 g6 4. Bg2 Bg7 5. c3 Nc6 6. d4 e5 7. dxc5 dxc5 8. Qxd8+ Kxd8 9. Na3 Be6 10. Be3 b6 11. f4 f6 12. f5 Bf7 13. g4 a6 14. h4 Kc7 15. Ng3 Nge7 16. Bf1 gxf5 17. gxf5 Rhg8 18. Kf2 Nc8 19. Bc4 Bxc4 20. Nxc4 b5 21. Nd2 c4 22. Nh5 Bh8 23. Rhg1 Nb6 24. Rxg8 Rxg8 25. Rg1 Rxg1 26. Bxb6+ Kxb6 27. Kxg1 Kc5 28. Nf1 Ne7 29. Ne3 Kc6 30. Kf2 Kc5 31. Ke2 Kc6 32. Kd2 Kc5 33. Kc2 Kc6 34. b3 cxb3+ 35. axb3 a5 36. Kb2 Kc5 37. Ka3 b4+ 38. Kb2 bxc3+ 39. Kxc3 Kb5 40. Nc4 Nc8 41. Ng3 Bg7 42. Ne2 Bf8 43. Kc2 a4 44. Nc3+ Kc5 45. Nd5 Be7 46. Kc3 axb3 47. Nd2 b2 48. Nb3+ Kb5 49. Kxb2 Kc4 50. Kc2 Bd8 51. Ne3+ Kb4 52. Nd2 Nb6 53. Kd3 Na4 54. Nd5+ Kb5 55. Nf1 Nb2+ 56. Kc2 Na4 57. Ng3 Nc5 58. Kd2 Kc4 59. Ke3 Nd7 60. Nh5 Kb5 61. Ng7 Kc4 62. Ne8 Kb3 63. h5 Kc2 64. Nd6 Ba5 65. Nc4 Be1 66. Ke2 1/2-1/2

[Event "Memorial R.Nezhmetdinov (open)"]
[Site "Kazan (Russia)"]
[Date "2007.06.02"]
[Round "2"]
[White "Kupreichik Viktor D (BLR)"]
[Black "Khismatullin Denis (RUS)"]
[Result "1/2-1/2"]
[WhiteElo "2402"]
[BlackElo "2570"]
[PlyCount "104"]
[EventDate "2007.??.??"]
[Source "www.chesslib.no"]
[SourceDate "2004.05.04"]

1. e4 c5 2. Ne2 d6 3. g3 d5 4. Bg2 dxe4 5. Nbc3 e5 6. Nxe4 f5 7. N4c3 Nf6 8. d3 Nc6 9. O-O Bd6 10. Nd5 h6 11. Nec3 O-O 12. Be3 Be6 13. f4 Ng4 14. Qd2 Qd7 15. Rae1 Rae8 16. Kh1 Nxe3 17. Rxe3 Bf7 18. b3 Bb8 19. fxe5 Bxe5 20. Ree1 Bd4 21. Ne3 Bxe3 22. Rxe3 Rxe3 23. Qxe3 Nd4 24. Qd2 Re8 25. Rf2 Re5 26. Ne2 Qe7 27. Ng1 g5 28. c3 Nc6 29. d4 cxd4 30. cxd4 Rd5 31. Ne2 Rd6 32. Rxf5 Qd7 33. Rf1 Nxd4 34. Nxd4 Rxd4 35. Qe3 b6 36. Kg1 Rd3 37. Qe5 Qd4+ 38. Qxd4 Rxd4 39. Rc1 a5 40. Rc6 Rd1+ 41. Bf1 b5 42. Rxh6 Ra1 43. a3 Bxb3 44. Kf2 Ra2+ 45. Ke1 Ra1+ 46. Kf2 Kg7 47. Rb6 Ra2+ 48. Ke3 Rxa3 49. Bxb5 Bf7+ 50. Kd4 Ra2 51. Rb7 a4 52. h4 gxh4 1/2-1/2

[Event "Graested"]
[Site "Graested"]
[Date "1990.??.??"]
[Round "4"]
[White "Kuijf, Marinus"]
[Black "Mortensen, Erling"]
[Result "1-0"]
[WhiteElo "2490"]
[BlackElo "2480"]
[PlyCount "81"]
[EventDate "1990.02.??"]
[Source "ChessBase"]

1. e4 c5 2. Ne2 e6 3. Nbc3 Nf6 4. g3 d5 5. exd5 exd5 6. Bg2 d4 7. Ne4 Nxe4 8. Bxe4 Nd7 9. d3 Nf6 10. Bg2 Bd6 11. O-O O-O 12. Bf4 Re8 13. Bxd6 Qxd6 14. Nf4 Bg4 15. Qd2 h6 16. h4 Re5 17. Rfe1 Rae8 18. Rxe5 Qxe5 19. c4 b6 20. a3 g5 21. hxg5 hxg5 22. Nd5 Nxd5 23. Bxd5 Kg7 24. b4 Re7 25. Be4 Qf6 26. Rb1 Qh6 27. f3 f5 28. Bd5 Bh5 29. bxc5 bxc5 30. Rb5 Bg6 31. Rxc5 Qh3 32. Qf2 Re3 33. Rc7+ Kh6 34. c5 Rxd3 35. Re7 Rd1+ 36. Re1 Rxe1+ 37. Qxe1 d3 38. Qe5 Kh7 39. Qe7+ Kh8 40. Qf8+ Kh7 41. Bg8+ 1-0